000 00182 a2200097 4500
020 _a9780345402875
041 _aeng
100 _aMichael Crichton
245 _aAirframe
942 _cBK
999 _c11263
_d11263